| 000 | 01109pam a2200349 a 4500 | ||
|---|---|---|---|
| 001 | 3225914 | ||
| 003 | OSt | ||
| 005 | 20140310184517.0 | ||
| 008 | 810722s1982 nyua j 000 0 eng | ||
| 010 | _a 79007816 | ||
| 020 |
_a0439204631 _c$8.95 |
||
| 020 |
_a0439204631 _c$8.89 |
||
| 040 |
_aDLC _cDLC _dDLC |
||
| 042 | _alcac | ||
| 050 | 0 | 0 |
_aTL 725 _b.B33 1982 |
| 100 | 1 |
_aBarton, Byron. _96483 |
|
| 245 | 1 | 0 |
_aAirport / _cByron Barton. |
| 250 | _a1st ed. | ||
| 260 |
_aNew York, NY : _bScholastic Inc., _c1982. |
||
| 300 |
_a32 p. : _bcol. ill. ; _c21 cm. |
||
| 520 | _aDescribes and pictures what happens from the time an airplane passenger arrives at an airport, and boards an airplane until the plane is in the air. | ||
| 521 | _aG2 | ||
| 526 | _c400 | ||
| 541 | _j1 | ||
| 541 | _j2 | ||
| 562 | _e2 | ||
| 650 | 0 |
_aAirports _xJuvenile literature. _929553 |
|
| 650 | 1 |
_aAirports. _929554 |
|
| 856 | 4 | 2 |
_3Publisher description _uhttp://www.loc.gov/catdir/description/hc044/79007816.html |
| 906 |
_a7 _bcbc _corignew _d1 _eocip _f19 _gy-gencatlg |
||
| 942 |
_2lcc _cBK-SCHOLAS |
||
| 999 |
_c34971 _d34971 |
||